000 00994nam a2200313 c 4500
003 BLK
005 20180420222240.0
008 180408b bul|||||r ||||||| ||bul||
010 _aKNG00056454000
020 _a0-582-47211-3
_bиздат.: Longman - на том
040 _aBLK
041 _aENG
_cENG
080 _aАнглийски език
_b811.111
_x(075.4)
_z811.111(075.4)
139 _aOpportunities
_bO 65
245 1 0 _aOpportunities
_nPre-intermediate
_pTest Book
257 _aGBR
260 Harlow
_c2005
380 _a80
650 4 _aАнглийски език - учебни помагала
_9243996
653 _aанглийски език
653 _aтестове
653 _aучебни помагала
760 1 _3- на том
_dLongman, 2005
_h47 с., 28 cm.
_tPre-intermediate Test Book
852 _aЦб ІІ 13446
856 4 _qpdf
_u
856 4 _qpdf
_u
942 _cKNG
_n0
944 _aCR
_c09.11.2005
_kТеодора_Стоянова
944 _aED
_c12.12.2007
_k
999 _c52530
_d52530